Protokoly aplikovateľné v prostredí WDM (wavelegth division multiplex) optických sietí = Protocols applicable in WDM optical networks : Dipl.práca

Enregistré dans:
Détails bibliographiques
Auteur principal: Kotuliak, Ivan (Auteur)
Autres auteurs: Podhradský, Pavol, 1943- (Directeur de thèse)
Format: Manuscrit Livre
Langue:slovaque
Publié: Bratislava : STU v Bratislave FEI, 1999
Sujets:
Tags: Ajouter un tag
Pas de tags, Soyez le premier à ajouter un tag!

MARC

LEADER 00000ntm a22000003a 4500
001 stu50396
005 20160422111453.5
008 990721s1999------------------------slo-d
040 |a STU  |b slo 
041 0 |a slo 
100 1 |a Kotuliak, Ivan  |4 aut  |u E240  |U FEI Fakulta elektrotechniky a informatiky  |T FEI Katedra telekomunikácií  |X 1883  |U E240  |Y 72  |7 1883 
245 1 |a Protokoly aplikovateľné v prostredí WDM (wavelegth division multiplex) optických sietí = Protocols applicable in WDM optical networks :  |b Dipl.práca 
260 |a Bratislava :  |b STU v Bratislave FEI,  |c 1999 
300 |a 75 s., disketa 
650 7 |a informatika  |2 stusub 
700 1 |a Podhradský, Pavol,  |d 1943-  |4 ths  |u E240  |U FEI Fakulta elektrotechniky a informatiky  |T FEI Katedra telekomunikácií  |X 2148  |U E240  |Y 72  |7 A000002148 
996 |b EDIPL-5897  |c I*DIPL-5797  |l II680  |s A  |a 24  |w stu50396_0001